000 00762nam a2200217Ia 4500
003 GCL
005 20240530095655.0
008 140319s9999 xx 000 0 ara d
040 _aGCL /
_cGCL
082 0 4 _a257.1
_bم أ
100 1 _aمحمد عمارة
245 1 0 _aالاسلام واصول الحكم لعلى عبدالرازق :
_bدراسة ووثائق /
_cمحمد عمارة
260 _aبيروت :
_bالمؤسسة العربية للدراسات والنشر ،
_c2000
300 _a189 ص ؛
_c24 سم
650 0 4 _aالخلافة
650 0 4 _aالامامة
650 0 4 _aالاسلام والسياسة
650 0 4 _aالاسلام - نظام الحكم
650 0 4 _aالاسلام - النظام السياسى
942 _2ddc
_cBK
999 _c9422
_d9422